00618nam a2200181Ia 4500008004100000041000800041082001700049100001700066245003200083250001300115260003600128300000800164365001600172700001700188906003800205999001900243952017400262230718s9999 xx 000 0 und d aeng a658.409bROB aRobbins S.P. aTruth About Managing People aIInd ed. c2009bPearson Power (Education) a231 cRs.b250.00 aRobbins S.P. dB:108090072317-Oct-2008cMGMTb50 c319900d319900 00104070aCCEPbCCEPd2009-01-30eVarma Book DistributorsfMGMTg200.00i1080900723l0o658.409pCCEP-BK-31107r2023-07-18 00:00:00t50v250.00w2008-10-17yBKz031107